Diferenciální počet funkcí jedné proměnné řešené příklady
Gespeichert in:
| 1. Verfasser: | |
|---|---|
| Weitere Verfasser: | |
| Format: | Buch |
| Sprache: | Tschechisch |
| Veröffentlicht: |
Praha
Vydavatelství ČVUT
2004
|
| Ausgabe: | Vyd. 1 |
| Schlagworte: | |
| Online-Zugang: | Im OPAC anzeigen |
| Tags: |
Keine Tags, Fügen Sie das erste Tag hinzu!
|
MARC
| LEADER | 00000nam a2200000 a 4500 | ||
|---|---|---|---|
| 005 | 20260127134328.0 | ||
| 008 | 080916 2008 xr 000 0 cze d | ||
| 020 | |a 8001030016 | ||
| 035 | |a vtls009334604 | ||
| 039 | 9 | |y 200809160914 |z mschk03 | |
| 040 | |a STUSCHK1 |b slo |c STUSCHK1 |e AACR2 | ||
| 080 | |a 517.2 | ||
| 080 | |a (075.8) | ||
| 100 | 1 | |a Brožíková, Elena | |
| 245 | 1 | |a Diferenciální počet funkcí jedné proměnné |b řešené příklady |c Elena Brožíková, Milana Kittlerová | |
| 250 | |a Vyd. 1 | ||
| 260 | |a Praha |b Vydavatelství ČVUT |c 2004 | ||
| 300 | |a 121 s. |c 30 cm | ||
| 650 | 0 | |a diferenciální počet funkcí jedné proměnné |x úlohy | |
| 700 | 1 | |a Kittlerová, Milana | |
| 910 | |a SCHK95 | ||
| 919 | |a 80-01-03001-6 | ||
| 999 | |c 9981 |d 9981 | ||